Pročnosť elementov teploobmennych ustrojstv v uslovjach slučajnych puľsacij temperatur /

Saved in:
Bibliographic Details
Main Authors: Moskalenko, V.N (Author), Charionovskij, V.V (Author)
Format: Book
Language:Russian
Published: Moskva : Atomizdat, 1979
Tags: Add Tag
No Tags, Be the first to tag this record!

MARC

LEADER 00000nam a22000003a 4500
001 stu39566
005 20150617225725.9
008 930215s1979----xxr-----------------rus-d
040 |a STU  |b slo 
041 0 |a rus 
044 |a xxr 
100 1 |a Moskalenko, V.N  |4 aut 
245 1 |a Pročnosť elementov teploobmennych ustrojstv v uslovjach slučajnych puľsacij temperatur /  |c [aut.]V.N. Moskalenko, V.V. Charionovskij 
260 |a Moskva :  |b Atomizdat,  |c 1979 
300 |a 165 s 
700 1 |a Charionovskij, V.V  |4 aut 
996 |b 284M062350  |c M*6795-1  |l MMKN  |s A  |a 24  |w stu39566_0001